| 000 | 01541nam0a2200313 4500 | ||
|---|---|---|---|
| 001 | RU\NLR\ONL2\21123 | ||
| 005 | 20250613132210.0 | ||
| 010 |
_a978-5-91794-035-9 _9300 |
||
| 035 | _a(NLR Aleph) 009668707 | ||
| 090 |
_a9650175 _c9650175 |
||
| 100 | _a20111017d2011 |||y0rusy50 ca | ||
| 101 | 0 |
_asah _arus |
|
| 102 | _aRU | ||
| 105 | _aa ||||||||| | ||
| 200 | 1 |
_aОлогу кытта тэннэ хардыылаан _e(Уоhээ Булуутээги олох-дьаhах, коммун. хаhаайыстыбата тэриллибитэ 55 сылыгар ананар) _fСаха Респ. олох-дьаhах, коммун. хаhаайыстыбатын Уоhээ Булуутээги фил. _g[хомуйан онордулар: В. В. Николашкин, М. Н. Максимова _gред.: В. В.Николашкин, И. Е. Чычахова] |
|
| 210 |
_aДьокуускай _cСфера _d2011 |
||
| 215 |
_a207 с.,[8] л. ил. _cил. _d23 |
||
| 300 | _aТекст якут., рус. | ||
| 541 | 1 |
_aШагая в ногу со временем _zrus |
|
| 607 |
_aСаха (Якутия), Республика _xЭкономика _xКурсовые работы _xМетодика _92083053 _3RU\NLR\auth\661259100 |
||
| 686 | 1 | _aУ9(2Р=6Я)441.3 | |
| 702 | 1 |
_aНиколашкин _bВ. В. _gВасилий Викторович _4220 |
|
| 801 | 0 |
_aRU _bNLR _c20111017 _gPSBO |
|
| 852 |
_aNLR _bОНЛ _jЯкут./3-2713 |
||
| 942 | _cBOOK | ||
| 980 | _aNB | ||
| 980 | _aONL_RF | ||